| 000 | 00944cam a2200277 4500 | ||
|---|---|---|---|
| 999 |
_c232805 _d232805 |
||
| 001 | 1740169 | ||
| 003 | Nust | ||
| 005 | 20170223142457.0 | ||
| 008 | 750127s1974 enkb b 001 0 eng | ||
| 010 | _a 74196689 | ||
| 015 | _aGB*** | ||
| 020 | _a019218301X | ||
| 040 |
_aDLC _cDLC _dDLC |
||
| 043 | _aa-ii--- | ||
| 050 | 0 | 0 |
_aHD1741.I3 _bF37 |
| 082 | 0 | 0 | _a338.1/0954 |
| 100 | 1 |
_aFarmer, B. H. _q(Bertram Hughes) |
|
| 245 | 1 | 0 |
_aAgricultural colonization in India since independence _c[by] B. H. Farmer. |
| 260 |
_aLondon, _aNew York, _bpublished for the Royal Institute of International Affairs by Oxford University Press, _c1974. |
||
| 300 |
_axi, 372 p. _bmaps. _c22 cm. |
||
| 350 | _a£7.50 | ||
| 504 | _aIncludes bibliographical references. | ||
| 650 | 0 |
_aAgricultural colonies _zIndia. |
|
| 650 | 0 | _aSociology, Rural. | |
| 906 |
_a7 _bcbc _corignew _d3 _encip _f19 _gy-gencatlg |
||
| 942 |
_2ddc _cBK |
||